[Event "ODJM A 2017"]
[Site "Willingen GER"]
[Date "2017.06.08"]
[Round "7"]
[White "Orshonova, Elena"]
[Black "Schilay, Lorenz"]
[Result "1-0"]
[Termination "normal"]
[Board "31"]
[WhiteTitle "WFM"]
[WhiteElo "2019"]
[BlackElo "1875"]
[PlyCount "149"]
[WhiteFideId "24174750"]
[BlackFideId "12930180"]
[EventCountry "GER"]
[EventRounds "9"]
[EventType "swiss"]
[EventDate "2017.06.03"]

1. e4 e5 2. Nf3 Nc6 3. Bb5 a6 4. Ba4 d6 5. c3 f5 6. exf5 Bxf5 7. O-O Nf6 8. d4
b5 9. Bb3 e4 10. Re1 Be7 11. Nh4 Bg4 12. f3 exf3 13. Nxf3 d5 14. Qd3 Bxf3 15.
Qxf3 O-O 16. Nd2 Na5 17. Bc2 Nc4 18. Nxc4 bxc4 19. Qh3 g6 20. Bh6 Rf7 21. Re6
Qd7 22. Rae1 Bf8 23. Bg5 Bg7 24. b3 cxb3 25. axb3 c6 26. Bxf6 Bxf6 27. b4 Raf8
28. Ba4 Qa7 29. Qd3 a5 30. bxa5 c5 31. Be8 Rc7 32. Ra6 Re7 33. Rf1 c4 34. Rxa7
cxd3 35. Rxe7 Bxe7 36. Rxf8+ Kxf8 37. Ba4 Bd8 38. a6 Bb6 39. Kf2 Ke7 40. Ke3
Kd6 41. Kxd3 Ba7 42. Ke3 Ke6 43. Be8 Ke7 44. Bc6 Kd6 45. Bb7 Ke6 46. Kf4 h6 47.
Bc8+ Kf6 48. h4 Bb8+ 49. Kg4 Ba7 50. h5 g5 51. Kf3 Ke7 52. Ke3 Kd6 53. Kd3 Kc7
54. Bb7 Kd6 55. c4 dxc4+ 56. Kxc4 Bb6 57. g4 Ba7 58. Kd3 Bb6 59. Ke4 Ba7 60. d5
Bc5 61. Kf5 Kc7 62. Kg6 Bf8 63. Kf7 Bd6 64. Kg7 Bf4 65. Kxh6 Kb8 66. Kg6 Ka7
67. h6 Be3 68. h7 Bb6 69. h8=Q Bd8 70. Bc8 Bc7 71. Qd4+ Kb8 72. a7+ Ka8 73. d6
Bb6 74. Qd5+ Kxa7 75. Qb7# 1-0

[Event "ODJM A 2017"]
[Site "Willingen GER"]
[Date "2017.06.08"]
[Round "7"]
[White "Meyer, Henrik"]
[Black "Grunert, Friedrich"]
[Result "1-0"]
[Termination "normal"]
[Board "32"]
[WhiteElo "2125"]
[BlackElo "1805"]
[PlyCount "65"]
[WhiteFideId "12958182"]
[BlackFideId "12995592"]
[EventCountry "GER"]
[EventRounds "9"]
[EventType "swiss"]
[EventDate "2017.06.03"]

1. e4 e6 2. d4 d5 3. Nc3 Bb4 4. e5 c5 5. a3 Bxc3+ 6. bxc3 Qa5 7. Bd2 Qa4 8. Qg4
g6 9. Ra2 Nc6 10. Nf3 Bd7 11. Be2 c4 12. h4 O-O-O 13. Qf4 Rf8 14. O-O Qa5 15.
a4 Qc7 16. Bc1 f5 17. Ba3 Rf7 18. Bd6 Qd8 19. Rb1 h6 20. a5 Rg7 21. Qc1 g5 22.
h5 Be8 23. Nd2 Bxh5 24. Bxh5 g4 25. Qa3 Qg5 26. Be8 g3 27. f4 Qxf4 28. Nf3 Rg4
29. Qb2 Rh7 30. Bxc6 Rh4 31. Bxb7+ Kd8 32. Re1 Qg4 33. Bc6 1-0

[Event "ODJM A 2017"]
[Site "Willingen GER"]
[Date "2017.06.08"]
[Round "7"]
[White "Lüßmann, Thomas"]
[Black "Petri, Ben-Luca"]
[Result "1-0"]
[Termination "normal"]
[Board "33"]
[WhiteElo "1952"]
[BlackElo "1709"]
[PlyCount "63"]
[WhiteFideId "1270602"]
[BlackFideId "12947261"]
[EventCountry "GER"]
[EventRounds "9"]
[EventType "swiss"]
[EventDate "2017.06.03"]

1. d4 Nf6 2. Nf3 g6 3. Bf4 Bg7 4. e3 d5 5. Be2 c5 6. c3 Nc6 7. O-O Qb6 8. Qb3
c4 9. Qa3 O-O 10. b3 cxb3 11. axb3 Bd7 12. Nbd2 Rfc8 13. Rfc1 Nh5 14. Bg5 Bf8
15. Qa2 f6 16. Bh4 Ng7 17. Ne1 Nf5 18. Bg3 Nxg3 19. hxg3 e6 20. Nd3 Rc7 21. b4
Nd8 22. e4 dxe4 23. Nxe4 Kg7 24. Nec5 Qd6 25. Nxd7 Qxd7 26. Nc5 Qd6 27. Bf3 a6
28. Re1 Re7 29. Re2 Rc7 30. Rae1 Kf7 31. Bxb7 Nxb7 32. Rxe6 1-0

[Event "ODJM A 2017"]
[Site "Willingen GER"]
[Date "2017.06.08"]
[Round "7"]
[White "Mantel, Ruben"]
[Black "Wissing, Philipp"]
[Result "1-0"]
[Termination "normal"]
[Board "34"]
[WhiteElo "1961"]
[BlackElo "1749"]
[PlyCount "53"]
[WhiteFideId "12930121"]
[BlackFideId "12993654"]
[EventCountry "GER"]
[EventRounds "9"]
[EventType "swiss"]
[EventDate "2017.06.03"]

1. d4 Nf6 2. Nf3 d5 3. Bf4 Bf5 4. c4 c6 5. Qb3 Qb6 6. c5 Qxb3 7. axb3 Nbd7 8.
Nc3 Nh5 9. Be3 h6 10. h3 Bh7 11. g4 Nhf6 12. Bf4 Ne4 13. e3 Nxc3 14. bxc3 Be4
15. Be2 e5 16. Bh2 Be7 17. O-O exd4 18. cxd4 O-O 19. b4 Rfc8 20. Nd2 Bh7 21. b5
cxb5 22. Bxb5 Nb8 23. Bxb8 Rcxb8 24. c6 a6 25. cxb7 Ra7 26. Bxa6 Bb4 27. Rfc1
1-0

[Event "ODJM A 2017"]
[Site "Willingen GER"]
[Date "2017.06.08"]
[Round "7"]
[White "Kornitzky, Tino"]
[Black "Baumann, Marcel"]
[Result "1-0"]
[Termination "normal"]
[Board "35"]
[WhiteElo "1996"]
[BlackElo "1712"]
[PlyCount "57"]
[WhiteFideId "12970379"]
[BlackFideId "12974668"]
[EventCountry "GER"]
[EventRounds "9"]
[EventType "swiss"]
[EventDate "2017.06.03"]

1. d4 Nf6 2. c4 g6 3. Nc3 Bg7 4. e4 d6 5. Nf3 O-O 6. Be2 e5 7. d5 a5 8. Bg5 h6
9. Bh4 Na6 10. Nd2 g5 11. Bg3 Nc5 12. O-O Nfd7 13. Qc2 f5 14. exf5 Nf6 15. b3
e4 16. f3 Bxf5 17. fxe4 Bxe4 18. Ndxe4 Nfxe4 19. Nxe4 Bd4+ 20. Kh1 Bxa1 21.
Rxa1 Nxe4 22. Qxe4 Qf6 23. Qe6+ Qxe6 24. dxe6 Rf6 25. c5 d5 26. Bf3 c6 27. e7
Kf7 28. Bd6 Kg6 29. Bg4 1-0

[Event "ODJM A 2017"]
[Site "Willingen GER"]
[Date "2017.06.08"]
[Round "7"]
[White "Göttel, Tobias"]
[Black "Täschner, Simon"]
[Result "1-0"]
[Termination "normal"]
[Board "36"]
[WhiteElo "1976"]
[BlackElo "1806"]
[PlyCount "99"]
[WhiteFideId "24693316"]
[BlackFideId "1270971"]
[EventCountry "GER"]
[EventRounds "9"]
[EventType "swiss"]
[EventDate "2017.06.03"]

1. e4 c5 2. c3 g6 3. d4 cxd4 4. cxd4 Bg7 5. Nc3 d6 6. Be3 Nf6 7. h3 O-O 8. Nf3
Nc6 9. d5 Nb8 10. Qd2 Nbd7 11. Nd4 Nc5 12. f3 Bd7 13. g4 Rc8 14. Bg2 a6 15. h4
h5 16. g5 Ne8 17. O-O Na4 18. Nxa4 Bxa4 19. Rac1 Bd7 20. Qb4 Rxc1 21. Rxc1 Qa8
22. Qb6 Kh7 23. f4 e5 24. Nf3 Bg4 25. Rc4 f6 26. Nh2 Bc8 27. a4 Bd7 28. Nf3 Bg4
29. fxe5 fxe5 30. Nd2 Be2 31. Rc3 Rf7 32. Bh3 Bg4 33. Bxg4 hxg4 34. Kg2 Qb8 35.
Kg3 Rc7 36. Rxc7 Qxc7 37. Qxc7 Nxc7 38. Bb6 Na8 39. Bd8 Bf8 40. Kxg4 Kg7 41. h5
gxh5+ 42. Kxh5 Kh7 43. a5 Kg7 44. g6 Kg8 45. Kg5 Bg7 46. Nf3 Bf8 47. Nh4 Bg7
48. Nf5 Bf8 49. Kf6 Kh8 50. g7+ 1-0

[Event "ODJM A 2017"]
[Site "Willingen GER"]
[Date "2017.06.08"]
[Round "7"]
[White "Leser, Stefan"]
[Black "Elier, Ali"]
[Result "0-1"]
[Termination "normal"]
[Board "37"]
[WhiteElo "1817"]
[BlackElo "1931"]
[PlyCount "88"]
[WhiteFideId "12997706"]
[BlackFideId "16217543"]
[EventCountry "GER"]
[EventRounds "9"]
[EventType "swiss"]
[EventDate "2017.06.03"]

1. e4 e5 2. Nf3 Nc6 3. Bb5 a6 4. Ba4 Nge7 5. Nc3 g6 6. d4 exd4 7. Nd5 Bg7 8.
Bg5 h6 9. Bf6 Bxf6 10. Nxf6+ Kf8 11. Qd2 Kg7 12. Nxd4 Ng8 13. Nd5 Nf6 14. Nc3
Qe7 15. Nxc6 dxc6 16. O-O-O Be6 17. Rhe1 Rad8 18. Qe2 c5 19. Bb3 b5 20. Bxe6
Qxe6 21. Nd5 Nxd5 22. exd5 Qxe2 23. Rxe2 Rhe8 24. Rxe8 Rxe8 25. b3 Re2 26. Rd2
Rxd2 27. Kxd2 Kf6 28. Kd3 Ke5 29. c4 f5 30. g3 g5 31. f3 b4 32. Ke3 f4+ 33.
gxf4+ gxf4+ 34. Kd3 h5 35. h3 h4 36. Ke2 Kd4 37. Kd2 a5 38. Ke2 Kc3 39. Ke1 Kd3
40. Kf2 Kd2 41. Kg1 Ke2 42. Kg2 Ke3 43. Kg1 Kxf3 44. Kh2 Ke2 0-1

[Event "ODJM A 2017"]
[Site "Willingen GER"]
[Date "2017.06.08"]
[Round "7"]
[White "Schlick, Stefan"]
[Black "Pahl, Theis"]
[Result "1/2-1/2"]
[Termination "normal"]
[Board "38"]
[WhiteElo "2012"]
[BlackElo "1664"]
[PlyCount "88"]
[WhiteFideId "16211332"]
[BlackFideId "16201264"]
[EventCountry "GER"]
[EventRounds "9"]
[EventType "swiss"]
[EventDate "2017.06.03"]

1. d4 Nf6 2. c4 g6 3. Nc3 Bg7 4. e4 d6 5. Be2 O-O 6. Nf3 e5 7. O-O Nc6 8. d5
Ne7 9. Ne1 Nd7 10. Nd3 f5 11. Bd2 Nf6 12. f3 f4 13. g4 fxg3 14. hxg3 Nh5 15.
Kg2 a6 16. Be3 Qe8 17. b4 g5 18. c5 Nf4+ 19. Kf2 g4 20. Ke1 Ng2+ 21. Kd2 Nxe3
22. Kxe3 Bh6+ 23. f4 Nf5+ 24. exf5 exf4+ 25. Kd4 Qe3+ 26. Kc4 f3 27. Bxf3 Bg7
28. Rc1 gxf3 29. Rxf3 Qd4+ 30. Kb3 a5 31. Rf4 Qf6 32. Ne4 Qe7 33. cxd6 cxd6 34.
f6 Bxf6 35. Nxf6+ Rxf6 36. Qf3 Rxf4 37. Qxf4 Qf8 38. Rc7 Bf5 39. Qg5+ Kh8 40.
Nf4 axb4 41. g4 Bb1 42. Kb2 Be4 43. Rc4 Rxa2+ 44. Kb3 Bb1 1/2-1/2

[Event "ODJM A 2017"]
[Site "Willingen GER"]
[Date "2017.06.08"]
[Round "7"]
[White "Thumm, Felix"]
[Black "Rudolph, Eva"]
[Result "0-1"]
[Termination "normal"]
[Board "39"]
[WhiteElo "1879"]
[BlackElo "1679"]
[PlyCount "70"]
[WhiteFideId "12902209"]
[BlackFideId "16200594"]
[EventCountry "GER"]
[EventRounds "9"]
[EventType "swiss"]
[EventDate "2017.06.03"]

1. d4 d5 2. Nf3 Nf6 3. e3 e6 4. Bd3 c5 5. b3 Be7 6. Bb2 O-O 7. O-O b6 8. Nbd2
Ba6 9. c4 dxc4 10. Nxc4 Nc6 11. Nfe5 Bb7 12. Nxc6 Bxc6 13. Ne5 Bb7 14. Qe2 Bd6
15. Rfd1 Qe7 16. Rd2 Rfd8 17. Rad1 Ne4 18. dxc5 Bxc5 19. Bxe4 Bxe4 20. Qg4 Rxd2
21. Rxd2 Bf5 22. Qf3 Qe8 23. Nxf7 Kxf7 24. e4 Kg8 25. exf5 exf5 26. Qd5+ Kh8
27. h3 h6 28. Qb7 Qe1+ 29. Kh2 Rg8 30. Qc6 Qxd2 31. Be5 Bxf2 32. Qg6 Bg1+ 33.
Kxg1 Qe1+ 34. Kh2 Qxe5+ 35. Kg1 Rd8 0-1

[Event "ODJM A 2017"]
[Site "Willingen GER"]
[Date "2017.06.08"]
[Round "7"]
[White "Schäfer, Nicolas"]
[Black "Garbuz, Vitaliy"]
[Result "0-1"]
[Termination "normal"]
[Board "40"]
[WhiteElo "1656"]
[BlackElo "1841"]
[PlyCount "132"]
[WhiteFideId "12988901"]
[BlackFideId "12990710"]
[EventCountry "GER"]
[EventRounds "9"]
[EventType "swiss"]
[EventDate "2017.06.03"]

1. Nf3 e6 2. c4 d5 3. d4 c6 4. Qc2 Nf6 5. Nc3 Nbd7 6. e3 Bd6 7. cxd5 exd5 8.
Bd3 O-O 9. O-O Re8 10. Re1 Nf8 11. e4 dxe4 12. Nxe4 Nxe4 13. Bxe4 h6 14. Be3
Nd7 15. Rad1 Nf6 16. Bd3 Nd5 17. Qd2 Bb4 18. Qc1 Bxe1 19. Rxe1 Qf6 20. Ne5 Bf5
21. Bc4 Be6 22. Bb3 Rad8 23. Qc5 a6 24. Bd2 Qe7 25. Ba5 Qxc5 26. dxc5 Rb8 27.
Nc4 Bg4 28. Rxe8+ Rxe8 29. h3 Bh5 30. Nd6 Re7 31. Nf5 Rd7 32. Nd6 Bg6 33. Bd1
Nf6 34. Bf3 Re7 35. Bd8 Re1+ 36. Kh2 Nd7 37. Nxb7 Ne5 38. Ba5 Nxf3+ 39. gxf3
Re5 40. b4 Bd3 41. Kg3 Bb5 42. Kf4 Re2 43. a3 Rxf2 44. Ke5 Rxf3 45. Kd6 Rxh3
46. Kc7 Rxa3 47. Nd8 g5 48. Nxc6 Bxc6 49. Kxc6 g4 50. Kb7 h5 51. c6 f5 52. c7
Rc3 53. c8=Q+ Rxc8 54. Kxc8 h4 55. Bc7 g3 56. Kb7 g2 57. Bh2 f4 58. Kxa6 f3 59.
Bg1 h3 60. b5 h2 61. Bxh2 f2 62. b6 f1=Q+ 63. Ka7 Qh1 64. Bc7 g1=Q 65. Ka6 Qc6
66. Ka5 Qgc5+ 0-1

[Event "ODJM A 2017"]
[Site "Willingen GER"]
[Date "2017.06.08"]
[Round "7"]
[White "Conte, Adrian"]
[Black "Hofmann, Marko"]
[Result "0-1"]
[Termination "normal"]
[Board "41"]
[WhiteElo "1698"]
[BlackElo "1837"]
[PlyCount "54"]
[WhiteFideId "12925993"]
[BlackFideId "12935875"]
[EventCountry "GER"]
[EventRounds "9"]
[EventType "swiss"]
[EventDate "2017.06.03"]

1. e4 e6 2. d4 d5 3. Nd2 Nf6 4. Bd3 c5 5. c3 Nc6 6. Ngf3 cxd4 7. cxd4 dxe4 8.
Nxe4 Be7 9. O-O O-O 10. Nc3 b6 11. a3 Bb7 12. Bc2 Re8 13. Qd3 g6 14. Rd1 Bf8
15. Bg5 Be7 16. Be3 Rc8 17. Bb3 Na5 18. Ba2 Nd5 19. Ne4 b5 20. b3 Bxa3 21. Nc5
Bxc5 22. dxc5 Nxe3 23. Qxe3 Qc7 24. b4 Bxf3 25. Qxf3 Nc6 26. Rab1 a5 27. Bc4
Ne5 0-1

[Event "ODJM A 2017"]
[Site "Willingen GER"]
[Date "2017.06.08"]
[Round "7"]
[White "Pölt, Christoph"]
[Black "Gallasch, Robin"]
[Result "0-1"]
[Termination "normal"]
[Board "42"]
[WhiteElo "1905"]
[BlackElo "1562"]
[PlyCount "82"]
[WhiteFideId "12960853"]
[BlackFideId "16222423"]
[EventCountry "GER"]
[EventRounds "9"]
[EventType "swiss"]
[EventDate "2017.06.03"]

1. d4 Nf6 2. c4 c5 3. d5 e6 4. Nc3 exd5 5. cxd5 d6 6. e4 g6 7. f4 Bg7 8. Bb5+
Nfd7 9. a4 O-O 10. Nf3 Re8 11. O-O Na6 12. Re1 Nc7 13. Bc4 Nb6 14. Bd3 Bg4 15.
Bd2 a6 16. h3 Bxf3 17. Qxf3 Nd7 18. Rf1 Bd4+ 19. Kh1 Rb8 20. Qe2 Bxc3 21. Bxc3
Nxd5 22. Bd2 Nc7 23. a5 d5 24. e5 c4 25. Bc2 Nb5 26. Rae1 Nd4 27. Qd1 Nxc2 28.
Qxc2 Rc8 29. f5 Nxe5 30. f6 Nd3 31. Re7 Rxe7 32. fxe7 Qxe7 33. Qc3 Qe5 34. Qa3
Re8 35. Bh6 Qxb2 36. Qd6 Qe5 37. Qd7 Qe6 38. Qxb7 Nc5 39. Qb2 Qe5 40. Qf2 Qe7
41. Bg5 Ne4 0-1

[Event "ODJM A 2017"]
[Site "Willingen GER"]
[Date "2017.06.08"]
[Round "7"]
[White "Hetzner, Hannes"]
[Black "Faulhaber, Tobias"]
[Result "1/2-1/2"]
[Termination "normal"]
[Board "43"]
[WhiteElo "1602"]
[BlackElo "1850"]
[PlyCount "115"]
[WhiteFideId "16211936"]
[BlackFideId "1271914"]
[EventCountry "GER"]
[EventRounds "9"]
[EventType "swiss"]
[EventDate "2017.06.03"]

1. e4 e6 2. d4 d5 3. Nc3 h6 4. Bd3 Nc6 5. Nf3 Nb4 6. Bb5+ c6 7. Be2 dxe4 8.
Nxe4 Nf6 9. Ng3 Nbd5 10. O-O Bd6 11. Ne5 Qc7 12. f4 c5 13. c4 Ne7 14. b4 cxd4
15. c5 Bxe5 16. fxe5 Nfd5 17. Qxd4 O-O 18. b5 Bd7 19. Ne4 Nf5 20. Rxf5 exf5 21.
Nd6 Ne7 22. Bb2 Be6 23. Bf3 Rad8 24. a4 b6 25. c6 Nc8 26. Ba3 f6 27. Rd1 fxe5
28. Qxe5 Rf6 29. Kf2 Kh7 30. Nc4 Qxe5 31. Nxe5 Rxd1 32. Bxd1 Bd5 33. Nd7 Rf7
34. h4 g5 35. h5 a6 36. Bb2 Ba2 37. Bc2 Ne7 38. Nxb6 axb5 39. axb5 Be6 40. Nd7
Kg8 41. Nf6+ Kf8 42. c7 Nc8 43. Ba3+ Re7 44. g4 Kf7 45. Bxe7 Kxe7 46. gxf5 Kxf6
47. fxe6 Kxe6 48. Kf3 Kd6 49. Kg4 Kxc7 50. Kf5 Ne7+ 51. Kf6 Nd5+ 52. Kg6 Nf4+
53. Kxh6 g4 54. Kg5 g3 55. Be4 Nxh5 56. Kxh5 Kb6 57. Bc6 g2 58. Bxg2 1/2-1/2

[Event "ODJM A 2017"]
[Site "Willingen GER"]
[Date "2017.06.08"]
[Round "7"]
[White "Kostanyan, Hakob"]
[Black "Petersen, Finn Christopher"]
[Result "0-1"]
[Termination "normal"]
[Board "44"]
[WhiteElo "1737"]
[BlackElo "1720"]
[PlyCount "102"]
[WhiteFideId "12977683"]
[BlackFideId "12964840"]
[EventCountry "GER"]
[EventRounds "9"]
[EventType "swiss"]
[EventDate "2017.06.03"]

1. e4 e5 2. Nf3 Nc6 3. Nc3 Nf6 4. Be2 d5 5. exd5 Nxd5 6. d4 Bb4 7. Bd2 exd4 8.
Nxd5 Bxd2+ 9. Qxd2 Qxd5 10. O-O O-O 11. c3 Be6 12. Rfd1 Rad8 13. Nxd4 Nxd4 14.
Qxd4 Qxd4 15. cxd4 Rd6 16. Rd3 Bc4 17. Rd2 Bxe2 18. Rxe2 Rxd4 19. Rc1 Rfd8 20.
f3 c6 21. Re7 R4d7 22. Rce1 Kf8 23. R7e4 c5 24. Kf2 g6 25. Kg3 a6 26. h4 Rd2
27. Re7 R8d7 28. R7e2 Rxe2 29. Rxe2 c4 30. Kf4 b5 31. g4 f6 32. Re6 Ra7 33.
Rxf6+ Rf7 34. Rxf7+ Kxf7 35. Ke5 a5 36. f4 a4 37. a3 b4 38. axb4 c3 39. bxc3 a3
40. b5 a2 41. c4 a1=Q+ 42. Kd5 Qd1+ 43. Kc6 Ke7 44. c5 Qxg4 45. Kb6 Kd8 46. c6
Kc8 47. Ka6 Qxf4 48. Ka7 Qxh4 49. c7 Qd4+ 50. Ka6 Kxc7 51. Ka5 Qa7+ 0-1

[Event "ODJM A 2017"]
[Site "Willingen GER"]
[Date "2017.06.08"]
[Round "7"]
[White "Adelmeyer, Matti"]
[Black "Kracht, Raphael"]
[Result "1-0"]
[Termination "normal"]
[Board "45"]
[WhiteElo "1677"]
[BlackElo "1682"]
[PlyCount "117"]
[WhiteFideId "12962520"]
[BlackFideId "16214382"]
[EventCountry "GER"]
[EventRounds "9"]
[EventType "swiss"]
[EventDate "2017.06.03"]

1. e4 e5 2. Nf3 Nc6 3. d4 exd4 4. Nxd4 Nf6 5. Nxc6 bxc6 6. e5 Qe7 7. Qe2 Nd5 8.
c4 Ba6 9. Qe4 Nb6 10. Nc3 Qb4 11. a3 Qb3 12. c5 Bxf1 13. cxb6 Ba6 14. bxc7 Rc8
15. Ne2 Bc5 16. O-O O-O 17. Re1 Rxc7 18. Nd4 Qb6 19. Be3 Bc4 20. b4 Bxd4 21.
Bxd4 Qa6 22. Bc5 Re8 23. Re3 Bd5 24. Qf4 Re6 25. Rg3 Rc8 26. Qg4 g6 27. Qg5 Qe2
28. Re3 Qb2 29. Rae1 Rce8 30. Bxa7 d6 31. exd6 Rxe3 32. fxe3 f6 33. Qg3 Rd8 34.
Bd4 Qd2 35. Bc5 Be4 36. Qf2 Qxf2+ 37. Kxf2 Kf7 38. a4 Ra8 39. Rd1 Ke6 40. a5
Kd7 41. Rd4 f5 42. g4 h5 43. gxh5 gxh5 44. Rd1 Rg8 45. Rg1 Rxg1 46. Kxg1 Bd3
47. h4 Ke6 48. Kf2 Bc4 49. Kg3 Bd3 50. Kf4 Bc4 51. Kg5 Be2 52. Kg6 Kd7 53. Kxf5
Bg4+ 54. Kf6 Be2 55. e4 Bd3 56. e5 Bc4 57. e6+ Kd8 58. Bb6+ Kc8 59. d7+ 1-0

[Event "ODJM A 2017"]
[Site "Willingen GER"]
[Date "2017.06.08"]
[Round "7"]
[White "Helmer, Jan"]
[Black "Straßburg, Robin"]
[Result "1-0"]
[Termination "normal"]
[Board "46"]
[WhiteElo "1849"]
[BlackElo "1673"]
[PlyCount "119"]
[WhiteFideId "12956686"]
[BlackFideId "16210018"]
[EventCountry "GER"]
[EventRounds "9"]
[EventType "swiss"]
[EventDate "2017.06.03"]

1. d4 d5 2. Nf3 e6 3. e3 f5 4. Bd3 Nf6 5. O-O Bd6 6. b3 O-O 7. Ba3 c6 8. Qc1
Qe7 9. c4 Ne4 10. Bxe4 fxe4 11. Bxd6 Qxd6 12. Ne5 Nd7 13. Nxd7 Bxd7 14. Qa3
Qxa3 15. Nxa3 Be8 16. Nb1 Bh5 17. Nc3 Rf6 18. Rae1 Raf8 19. Rc1 g5 20. Rc2 Be8
21. Rfc1 h5 22. c5 g4 23. b4 a6 24. a4 R6f7 25. Rf1 h4 26. Ne2 Bd7 27. Nf4 Rg7
28. Kh1 Kh7 29. f3 exf3 30. gxf3 gxf3 31. Rxf3 Kh6 32. Rg2 Rxg2 33. Kxg2 Rf5
34. Nd3 Rg5+ 35. Kf2 Kg7 36. Ne5 Be8 37. Rf4 Rh5 38. Rg4+ Kh7 39. Rf4 Kg7 40.
Nf3 Bg6 41. Rxh4 Rf5 42. Rf4 Rh5 43. h4 Bf5 44. Kg3 Kf6 45. Ne5 Rh7 46. Nf3 Rh5
47. Ng5 e5 48. dxe5+ Kxe5 49. Nf3+ Kf6 50. Nd4 Kg6 51. Rxf5 Rxf5 52. Nxf5 Kxf5
53. Kf3 Ke5 54. Kg4 Ke4 55. h5 Kxe3 56. h6 d4 57. h7 d3 58. h8=Q d2 59. Qc3+
Ke2 60. Qc2 1-0

[Event "ODJM A 2017"]
[Site "Willingen GER"]
[Date "2017.06.08"]
[Round "7"]
[White "Teschler, Ansgar"]
[Black "Wieber, Dominik"]
[Result "0-1"]
[Termination "normal"]
[Board "47"]
[WhiteElo "1791"]
[BlackElo "1818"]
[PlyCount "64"]
[WhiteFideId "16231139"]
[BlackFideId "24699012"]
[EventCountry "GER"]
[EventRounds "9"]
[EventType "swiss"]
[EventDate "2017.06.03"]

1. d4 d5 2. c4 c6 3. Nf3 Nf6 4. Nc3 e6 5. Bg5 g6 6. e4 dxe4 7. Nxe4 Bg7 8. Be2
Qa5+ 9. Bd2 Qc7 10. Qc2 Nxe4 11. Qxe4 Nd7 12. O-O Nf6 13. Qh4 h6 14. Rfe1 g5
15. Bxg5 hxg5 16. Qxg5 Kf8 17. Ne5 Nd7 18. f4 Nxe5 19. fxe5 Qe7 20. Qxe7+ Kxe7
21. Bf3 Bd7 22. Re2 Rad8 23. Rd1 Bc8 24. c5 Rd7 25. Re4 Rhd8 26. Kf2 b6 27. b4
bxc5 28. bxc5 Rb7 29. Rg4 Rb2+ 30. Kg3 Bh8 31. Bxc6 Bxe5+ 32. Kf3 Ba6 0-1

[Event "ODJM A 2017"]
[Site "Willingen GER"]
[Date "2017.06.08"]
[Round "7"]
[White "Schumann, Oliver"]
[Black "Cejda, Moritz"]
[Result "1/2-1/2"]
[Termination "normal"]
[Board "48"]
[WhiteElo "1875"]
[BlackElo "1684"]
[PlyCount "55"]
[WhiteFideId "1270397"]
[BlackFideId "12925152"]
[EventCountry "GER"]
[EventRounds "9"]
[EventType "swiss"]
[EventDate "2017.06.03"]

1. c4 f5 2. g3 Nf6 3. Bg2 d6 4. Nc3 g6 5. Nf3 Bg7 6. d4 O-O 7. O-O Nc6 8. Qc2
e5 9. dxe5 dxe5 10. Rd1 Qe7 11. Nd5 Nxd5 12. cxd5 Nd4 13. Nxd4 exd4 14. Bf4 Be5
15. Bxe5 Qxe5 16. Qc4 Bd7 17. d6+ Be6 18. Qxd4 Qxd4 19. Rxd4 c6 20. b3 Rfd8 21.
Rad1 Rd7 22. Bh3 Kf7 23. Rh4 Kf6 24. e4 fxe4 25. Bxe6 Kxe6 26. Rxe4+ Kf5 27. f3
Rad8 28. Rf4+ 1/2-1/2

[Event "ODJM A 2017"]
[Site "Willingen GER"]
[Date "2017.06.08"]
[Round "7"]
[White "Buhr, Patrick"]
[Black "Grunert, Wilhelm"]
[Result "1-0"]
[Termination "normal"]
[Board "49"]
[WhiteElo "1780"]
[BlackElo "1584"]
[PlyCount "75"]
[WhiteFideId "16206436"]
[BlackFideId "12995673"]
[EventCountry "GER"]
[EventRounds "9"]
[EventType "swiss"]
[EventDate "2017.06.03"]

1. c4 Nf6 2. g3 g6 3. Bg2 Bg7 4. Nc3 O-O 5. e3 c6 6. Nge2 d5 7. cxd5 cxd5 8. d4
Bf5 9. O-O Qd7 10. Nf4 e6 11. h3 g5 12. Nd3 h6 13. b3 Nc6 14. Ba3 Rfc8 15. Nc5
Qe7 16. Nb5 a6 17. Nxa6 Qd8 18. Nc5 Qb6 19. Nd6 Rxa3 20. Nxc8 Qc7 21. Nxb7 Bf8
22. Ncd6 Bxd6 23. Nxd6 Qxd6 24. Qd2 Nb4 25. Rfc1 Ne4 26. Qe2 Qa6 27. Qxa6 Nxa6
28. g4 Bg6 29. Rc8+ Kg7 30. Ra8 Nb4 31. Rxa3 Nc2 32. Ra7 Nxa1 33. b4 Nc3 34.
Bf1 Kf8 35. b5 Ke8 36. b6 Kd8 37. Ra8+ Kd7 38. b7 1-0

[Event "ODJM A 2017"]
[Site "Willingen GER"]
[Date "2017.06.08"]
[Round "7"]
[White "Bayer, Martin"]
[Black "Bilecen, Simon"]
[Result "1-0"]
[Termination "normal"]
[Board "50"]
[WhiteElo "1751"]
[BlackElo "1557"]
[PlyCount "91"]
[WhiteFideId "16206924"]
[BlackFideId "16225511"]
[EventCountry "GER"]
[EventRounds "9"]
[EventType "swiss"]
[EventDate "2017.06.03"]

1. e4 c5 2. Nf3 Nc6 3. d4 cxd4 4. Nxd4 Qb6 5. c3 e6 6. Qb3 Qxb3 7. Nxb3 Nf6 8.
N1d2 Be7 9. Bd3 b6 10. O-O Bb7 11. Nc4 O-O 12. Bf4 d5 13. Ncd2 dxe4 14. Nxe4
Nxe4 15. Bxe4 f5 16. Bxc6 Bxc6 17. Nd4 Bd5 18. Rfe1 Rf6 19. Bg5 Rf7 20. Bxe7
Rxe7 21. Nxf5 Rf7 22. Ne3 Rd8 23. Nxd5 exd5 24. Rad1 Rfd7 25. Rd4 Kf7 26. f4
Re7 27. Rxe7+ Kxe7 28. Kf2 Kd6 29. c4 Kc5 30. Rxd5+ Rxd5 31. cxd5 Kxd5 32. Ke3
a5 33. Kd3 b5 34. g4 g6 35. h4 h5 36. gxh5 gxh5 37. b3 a4 38. Ke3 axb3 39. axb3
b4 40. Kd3 Ke6 41. Ke4 Kf6 42. f5 Kf7 43. Ke5 Ke7 44. f6+ Kf7 45. Kf5 Kg8 46.
Kg6 1-0

[Event "ODJM A 2017"]
[Site "Willingen GER"]
[Date "2017.06.08"]
[Round "7"]
[White "Hinrichs, Paul"]
[Black "Fromm, Johannes"]
[Result "0-1"]
[Termination "normal"]
[Board "51"]
[WhiteElo "1916"]
[BlackElo "1636"]
[PlyCount "78"]
[WhiteFideId "12942545"]
[BlackFideId "12993204"]
[EventCountry "GER"]
[EventRounds "9"]
[EventType "swiss"]
[EventDate "2017.06.03"]

1. d4 Nf6 2. c4 c5 3. d5 b5 4. cxb5 a6 5. b6 g6 6. Nc3 Bg7 7. e4 d6 8. Be2 Nbd7
9. Nf3 Nxb6 10. a4 O-O 11. O-O Nbd7 12. Nd2 Ne5 13. f4 Nfg4 14. Ndb1 Qb6 15. a5
Qa7 16. Na4 c4+ 17. Nb6 Nd3 18. Bxg4 Nxc1 19. Bxc8 Bxb2 20. Bh3 Bxa1 21. Qxc1
Bd4+ 22. Kh1 Bxb6 23. axb6 Qxb6 24. Qxc4 Rfb8 25. Nd2 a5 26. Bd7 Qb4 27. Qxb4
Rxb4 28. Bc6 Ra7 29. e5 a4 30. f5 gxf5 31. exd6 exd6 32. Ra1 a3 33. Kg1 Rd4 34.
Nf3 Rb4 35. Ne1 a2 36. Nc2 Rb2 37. Ba4 Rxa4 38. Na3 Rxa3 39. h4 Rb1+ 0-1

[Event "ODJM A 2017"]
[Site "Willingen GER"]
[Date "2017.06.08"]
[Round "7"]
[White "Noever, Niklas"]
[Black "Brunner, Tobias"]
[Result "1-0"]
[Termination "normal"]
[Board "53"]
[WhiteElo "1628"]
[BlackElo "1841"]
[PlyCount "81"]
[WhiteFideId "12988642"]
[BlackFideId "12949833"]
[EventCountry "GER"]
[EventRounds "9"]
[EventType "swiss"]
[EventDate "2017.06.03"]

1. d4 f5 2. Bf4 e6 3. e3 Nf6 4. Nf3 b6 5. Bd3 Bb7 6. Nbd2 Be7 7. h3 a5 8. c3 h6
9. h4 d6 10. h5 Ng4 11. Qe2 Nd7 12. e4 e5 13. dxe5 dxe5 14. Bg3 f4 15. Bh4 Bxh4
16. Nxh4 Ngf6 17. Ng6 Nc5 18. Bc4 Rh7 19. f3 Qd6 20. O-O-O Nxh5 21. Rxh5 Qxg6
22. Rxe5+ Kd8 23. Nb3+ Nd7 24. Be6 Bc8 25. Bxd7 Bxd7 26. Red5 Kc8 27. Rxd7 Kb7
28. Qc4 Rc8 29. Qd5+ Kb8 30. Qf5 Qxf5 31. exf5 Rhh8 32. Rxg7 Rhf8 33. Rg6 Rxf5
34. Rxh6 Rg8 35. Rh2 Rfg5 36. Rd2 c5 37. Kc2 Kc7 38. Nc1 Kc6 39. Nd3 Rf8 40. c4
b5 41. Rh6+ 1-0